Políticas de estabilización en los países en desarrollo (Registro nro. 16376)
[ vista simple ]
| 000 -LEADER | |
|---|---|
| fixed length control field | 00351 a2200109 4500 |
| 001 - CONTROL NUMBER | |
| control field | ART_3422 |
| 005 - DATE AND TIME OF LATEST TRANSACTION | |
| control field | 20260410161714.0 |
| 008 - FIXED-LENGTH DATA ELEMENTS--GENERAL INFORMATION | |
| fixed length control field | 260409a |
| 100 1# - MAIN ENTRY--PERSONAL NAME | |
| Personal name | Dornbusch, Rudiger |
| 245 10 - TITLE STATEMENT | |
| Title | Políticas de estabilización en los países en desarrollo |
| 773 0# - HOST ITEM ENTRY | |
| Title | Desarrollo económico |
| Related parts | - Vol. 22, Nº 86 (jul./sep. 1982) |
| Record control number | REV1174 |
No hay ítems disponibles.